Normal view
MARC view
Entry Personal Name
001 - CONTROL NUMBER
- control field: 13751
003 - CONTROL NUMBER IDENTIFIER
- control field:
005 - DATE AND TIME OF LATEST TRANSACTION
- control field: 20210601180244.0
008 - FIXED-LENGTH DATA ELEMENTS
- fixed length control field: 210601|| aca||aabn | a|a d
040 ## - CATALOGING SOURCE
- Original cataloging agency:
- Transcribing agency:
100 ## - HEADING--PERSONAL NAME
- Personal name: Levita, Eric
670 ## - SOURCE DATA FOUND
- Source citation: Work cat.: (): Riklan, Manuel 13750, Subcortical correlates of human behavior:, 1969
